000
00318 a2200109 4500
001
ART_11195
005
20260410161855.0
008
260409a
245
1
0
_a
Necesidad moral de la libertad económica
100
1
_a
Röpke, Wilhelm
773
0
_t
Revista de Economía
_g
- Nº 37 (jun. 1983)
_w
REV11077
999
_c
25380
_d
25380